| 000 | 01876nam a2200373 i 4500 | ||
|---|---|---|---|
| 001 | 768714001 | ||
| 003 | CO-MdFUSB | ||
| 005 | 20250603112959.0 | ||
| 008 | 200210t2002 -us |||| |||| 00| 0 eng d | ||
| 020 |
_a192891527 _q2 |
||
| 040 |
_aCO-MdFUSB _bspa _cCO-MdFUSB _dCO-MdFUSBC _erda |
||
| 041 | _aeng | ||
| 082 |
_223 _aG248.808655 _bJ88t |
||
| 100 |
_aJoy, Donald M. _eautor |
||
| 245 | 1 |
_aTwo become one : _bGod´s blueprint for couples _c/ Donald M.Joy , Robbie B. Joy. ; prefacista Les Parrott , Leslie Parrott |
|
| 264 | 1 |
_aEstados Unidos : _bEvangel Publishing House, _c[2002] |
|
| 264 | 4 | _c© 2002 | |
| 300 |
_a188 páginas _c; 23 cm |
||
| 336 |
_2rdacontent _atexto _btxt |
||
| 337 |
_2rdamedia _asin mediación _bn |
||
| 338 |
_2rdacarrier _avolumen _bnc |
||
| 504 | _aIncluye referencias bibliográficas (187-188) | ||
| 505 | _a1. Amor joven: ¿puede ser este el Edén?. -- 2. Soberanos empoderados: "Que tengan dominio". -- 3. "Dos se convierten en uno", el misterio de la trinidad, la intimidad y la familia. -- 4. "Jefe de la casa": ¿la orden de Dios para las familias? -- 5. Pérdidas trágicas: "y él gobernará sobre ella. -- 6. "Cadena de mando": la falacia naturalista va a la iglesia. -- 7. Sobre silenciar a las mujeres en la iglesia. -- 8.Cabeza y cuerpo: el Adán completo. -- 9. Jesús tiene un plan para las familias.-- 10."Cabeza": ¿otro nombre para los maridos? -- 11. "Cuerpo" ¿otro nombre para las esposas? -- 12. El nuevo Adán: de la imagen a la semejanza. | ||
| 563 | _aRústico | ||
| 650 | 7 |
_9291 _aMatrimonio _bCristianismo _xAspectos religiosos |
|
| 650 | 0 |
_9292 _aFamilias |
|
| 650 | 0 |
_919 _aVida cristiana |
|
| 700 |
_92819 _aJoy, Robbie B. _eautor |
||
| 700 |
_92820 _aParrott, Les. _eprefascista |
||
| 700 |
_92822 _aParrott, Leslie. _eprefascista |
||
| 942 | _cBK | ||
| 945 |
_aJTF-925 _bAEM-53 |
||
| 999 |
_c65369 _d65369 |
||